Premier League sezon 2021/22 - Statystyki

Ogólne statystyki
  • Ten quiz został rozwiązany 152 razy
  • Średni wynik to 14 z 20
Statystyki odpowiedzi
Hint Odpowiedź % Poprawnych
1 Manchester City
98%
2 Manchester United
98%
3 Liverpool
96%
8 Arsenal
92%
7 Tottenham
92%
4 Chelsea
91%
6 West Ham United
72%
10 Everton
69%
5 Leicester City
68%
18 Norwich City
65%
12 Newcastle United
64%
13 Wolverhampton
64%
11 Aston Villa
62%
16 Brighton
60%
15 Southampton
60%
17 Burnley
59%
14 Crystal Palace
56%
9 Leeds United
56%
19 Watford
56%
20 Brentford
53%
Nie znaleziono quizów pasujących do podanych kryteriów
Rozkład punktacji
Procent ludzi z każdym wynikiem
Percentyl według liczby udzielonych odpowiedzi
Twoja historia wyników
Nie rozwiązałeś tego quizu